000 00926nam a2200241 a 4500
001 1059
003 BR-CuiBMT
005 20231127234025.0
008 231109s2006 mgb 001 0 por d
020 _a8577000303
040 _aBR-CuiBMT
_cBR-CuiBMT
080 _22007
_a351.712.2.02
090 _a351.712.2.02
_bF363c
_c6. ed.
100 1 _aFernandes, Jorge Ulisses Jacoby,
_d1960-
245 1 0 _aContratação direta sem licitação :
_bdispensa, inexigibilidade de licitação, comentários às modalidadesde licitação, inclusive o pregão, procedimentos exigidos para a regularidade da contratação direta /
_cJ. U. Jacoby Fernandes.
250 _a6. ed.
260 _aBelo Horizonte :
_bFórum,
_c2006.
300 _a895 p. ;
_c25 cm
504 _aInclui bibliografia e índice.
650 _aLicitação e contratos
_xDispensa
_zBrasil
650 _aContrato administrativo
_vLegislação
_zBrasil
942 _2udc
_cLV
999 _c1059
_d1059